| 000 | 01146nam a2200277 4500 | ||
|---|---|---|---|
| 001 | 3364711 | ||
| 003 | ARRUPE | ||
| 005 | 20160913120653.0 | ||
| 008 | 740412s1917 enk 000 0 eng c | ||
| 010 | _ae 18000079 | ||
| 035 | _a(OCoLC)ocm00855697 | ||
| 040 |
_aMRC _cMRC _dZCU |
||
| 050 | 0 |
_aLB41 _b.W5 |
|
| 082 | _a370/.8 | ||
| 099 |
_a370.1 _aW587 |
||
| 100 | 1 |
_aWhitehead, Alfred North, _d1861-1947. _925725 |
|
| 245 | 1 | 4 |
_aThe organisation of thought, educational and scientific, _cby A. N. Whitehead ... |
| 260 |
_aMiami, _bHard Press, _c1917. |
||
| 300 |
_avii, 228 p. _c23 cm. |
||
| 440 |
_aClassics series _925726 |
||
| 500 | _aPublished originally in 1917 | ||
| 505 | 0 | _aPreface.--I. The aims of education--a plea for reform.--II. Technical education and its relation to science and literature.--III. A polytechnic in war-time.--IV. The mathematical curriculum.--V. The principles of mathematics in relation to elementary teaching.--VI. The organisation of thought.--VII. The anatomy of some scientific ideas.--VIII. Space, time, and relativity. | |
| 650 | 0 |
_aEducation. _918163 |
|
| 942 |
_2lcc _cMONOGRAPH |
||
| 999 |
_c125222 _d125222 |
||